• 首页
  • 本馆介绍
  • 公告通知
  • 最新文献
  • 馆藏检索
  • 电子资源
  • 读者导购
  • 参考咨询
  • 我的图书馆
  • 登录
  • 详细信息显示
  • 放入我的书架
  • 预约/预借图书
  • 作者相关作品
  • 分类相关作品
  • 丛书相关作品
  • 出版社相关作品

书目信息

  • 表格格式
  • 工作单格式
  • 卡片格式
题名:
中美关系史
    
 
作者: 陶文钊 著
分册: 上卷  
出版信息: 上海   上海人民出版社  2004
页数: 394页
开本: 21cm
丛书名:
单 册:
中图分类: D829.712
科图分类:
主题词: 中美关系 , 国际关系史 , 中美关系--国际关系史--1911~1949
电子资源:
ISBN: 7-208-05124-0
000 01066nam0 2200277 450
001 020000023220
005 20051213151001.60
010    @a7-208-05124-0@dCNY40.00,CNY120.00(全三卷)
092    @aCN
100    @a20041110d2004 ekmy0chiy0120 ea
101 0  @achi
102    @aCN@b310000
105    @aac az 001yy
200 1  @a中美关系史@9zhong mei guan xi shi@e1911——1949@h上卷@f陶文钊著@Ftao wen zhao zhu
210    @a上海@c上海人民出版社@d2004
215    @a394页@c图,肖像@d21cm
320    @a有书目及索引
330    @a本书通过民国初年、从凡尔赛到华盛顿、动荡年代、从柳条湖到卢沟桥、从卢沟桥到珍珠港、战时盟国、转折关头、走向对抗等重大事件的叙述,展示了中美外交政策过程及影响双方决策的种种国内和国际因素,以及两国外交政策对世界的影响;展示了双方经过多年的磨合、冲撞,从扶持、对抗走向和解、共同前进的脉络。
606 0  @a中美关系
606 0  @a国际关系史
606 0  @a中美关系@x国际关系史@z1911~1949
690    @aD829.712@v4
701  0 @a陶文钊@Atao wen zhao@4著
801  0 @aCN@bCXYBOOK@c20051213
905    @a10447@dD829.712@e80:1
999    @eSue
    
    中美关系史:1911——1949.上卷/陶文钊著.-上海:上海人民出版社,2004
    394页:图,肖像;21cm
    
    
    ISBN 7-208-05124-0:CNY40.00,CNY120.00(全三卷)
    本书通过民国初年、从凡尔赛到华盛顿、动荡年代、从柳条湖到卢沟桥、从卢沟桥到珍珠港、战时盟国、转折关头、走向对抗等重大事件的叙述,展示了中美外交政策过程及影响双方决策的种种国内和国际因素,以及两国外交政策对世界的影响;展示了双方经过多年的磨合、冲撞,从扶持、对抗走向和解、共同前进的脉络。
●
相关链接 在E读中查询图书 在五车中查询图书 在当当中查询图书 在豆瓣中查询图书


正题名:中美关系史     索取号:D829.712/80:1         预约/预借

序号 登录号 条形码 馆藏地/架位号 状态 备注
1 0371333   203713339   第一样本阅览室/ [索取号:D829.712/80:1] 在馆    
2 0371334   203713348   第一借阅区/ [索取号:D829.712/80:1] 在馆    
唐山师范学院图书馆 欢迎您!
大连网信软件有限公司© 版权所有